Fr. Conceicao Rodrigues College of Engineering

Design Patterns : Ressable Object Oriented Software (Record no. 32161)

MARC details
000 -LEADER
fixed length control field 00354nam a2200145Ia 4500
082 ## - DEWEY DECIMAL CLASSIFICATION NUMBER
Classification number 5.1
Item number gam/hel
100 ## - MAIN ENTRY--PERSONAL NAME
Personal name Gamma/ Erich/ Helm/ Richard
245 ## - TITLE STATEMENT
Title Design Patterns : Ressable Object Oriented Software
260 ## - PUBLICATION, DISTRIBUTION, ETC.
Name of publisher, distributor, etc. Addison Wesley Pub
Place of publication, distribution, etc. NONE
Date of publication, distribution, etc. 1995
300 ## - PHYSICAL DESCRIPTION
Extent 395
546 ## - LANGUAGE NOTE
Language note ENGLISH
654 ## - SUBJECT ADDED ENTRY--FACETED TOPICAL TERMS
Focus term computer
942 ## - ADDED ENTRY ELEMENTS (KOHA)
Koha item type BOOK
Holdings
Withdrawn status Lost status Damaged status Not for loan Collection Home library Current library Date acquired Inventory number Total Checkouts Full call number Barcode Date last seen Date last checked out Price effective from Koha item type
        CRC Fr. Agnel's C.Rodrigues College of Engineering Fr. Agnel's C.Rodrigues College of Engineering 17/03/2023 3426 1 5.1 gam/hel 11070 14/10/2025 09/10/2025 17/03/2023 BOOK